00547 2200181 4500001002100000005001500021035002000036007000300056008004100059082001000100084001600110100002500126245006600151260007600217300003800293650000900331650002500340INLIS00000000000149220250918023436 a0010-0925000006ta250918 g 0 ind  a633.1 a633.1 RAM b0 aRambe, Sri Suryani M1 aBudidaya Tanaman Padi Gogo Terstandar /cRambe, Sri Suryani M aBengkulu :bBalai Penerapan Standar Instrumen Pertanian Bengkulu,c2024 a17 hlm, :bilus, ;c15 cm x 21 cm 4aBuku 4aPadi Gogo Terstandar